Most NCAA Tournament Appearances without a Final Four Appearance - Statistics

General Stats
  • This quiz has been taken 275 times
    246 since last reset
  • The average score is 8 of 23
Answer Stats
# of Apperances School % Correct
20 Tennessee
64%
20 Alabama
62%
13 Arizona State
59%
17 Miami (OH)
54%
13 Texas A&M
52%
25 Missouri
51%
29 BYU
49%
27 Xavier
49%
20 Creighton
43%
15 New Mexico
43%
18 Boston College
38%
20 Utah State
38%
13 Ohio
37%
15 Vanderbilt
36%
13* Minnesota
34%
16 Tulsa
24%
15 Murray State
17%
13 Davidson
15%
20 Saint Joseph's
14%
22* Western Kentucky
12%
13 Pepperdine
10%
15 UAB
10%
16 Weber State
6%
No matching quizzes found
Score Distribution
Percent of People with Each Score
Percentile by Number Answered
Your Score History
You have not taken this quiz since the last reset